| 000 | 00374nam a2200157Ia 4500 | ||
|---|---|---|---|
| 008 | 210210b1989 xxu||||| |||| 00| 0 eng d | ||
| 020 | _a81 85031 32 0 | ||
| 082 | _a574.29 JOSI | ||
| 100 | _aJOSHI (K R). | ||
| 245 | _aImmunology. P1 | ||
| 260 |
_aDelhi _bAgro Botanical Publishers _c1989 |
||
| 300 | _a133 | ||
| 650 | _aImmunology | ||
| 690 | _aBiology | ||
| 906 | _a046749 | ||
| 999 |
_c95391 _d95391 |
||